Albañilerías armadas de bloques: diseño y construcción
Guardat en:
| Autor principal: | |
|---|---|
| Autor corporatiu: | |
| Format: | Llibre |
| Idioma: | espanyol |
| Publicat: |
Santiago
Instituto Chileno del cemento y del Hormigón
1991
|
| Edició: | 2a. ed |
| Matèries: | |
| Etiquetes: |
Afegir etiqueta
Sense etiquetes, Sigues el primer a etiquetar aquest registre!
|
MARC
| LEADER | 00000nam a2200000 a 4500 | ||
|---|---|---|---|
| 001 | UCY2442 | ||
| 003 | CL-VaPUC | ||
| 008 | 941026e19910000CL |||||||||||||||||spa|d | ||
| 082 | 0 | 4 | |a 693.1 |b ZAB |2 21 |
| 100 | 0 | |a Zabaleta García, Hernán |e author |9 330462 | |
| 110 | 2 | |a Instituto Chileno del Cemento y del Hormigón |e author |9 330463 | |
| 245 | 1 | 0 | |a Albañilerías armadas de bloques: diseño y construcción |
| 250 | |a 2a. ed | ||
| 300 | |a 64 p | ||
| 942 | |c BK | ||
| 945 | |d 19941026 00:00:00 |a mfernand | ||
| 260 | |a Santiago |b Instituto Chileno del cemento y del Hormigón |c 1991 | ||
| 650 | 0 | |a Albañilería reforzada |9 330464 | |
| 650 | 0 | |a Albañilería con hormigón |9 330465 | |
| 650 | 0 | |a Albañilería |9 262730 | |
| 650 | 0 | |a Diseño y construcción |9 260862 | |
| 583 | |a last modification |c 20180604 01:11:02 |k Rodrigo Vera | ||
| 999 | |c 230845 |d 230843 | ||
| 952 | |0 0 |1 0 |4 0 |6 693_100000000000000_ZAB_1991 |7 0 |8 A |9 233434 |a BIBING |b BIBING |d 2019-11-15 |i 3032892 |o 693.1 ZAB 1991 |p 3032892 |r 2025-01-20 |w 2019-11-15 |y BK |k TRA | ||
| 952 | |0 0 |1 0 |4 0 |6 693_100000000000000_ZAB_1991 |7 0 |8 A |9 233435 |a BIBING |b BIBING |d 2019-11-15 |i 4208749 |l 1 |o 693.1 ZAB 1991 |p 4208749 |r 2025-01-20 |s 2023-10-06 |w 2019-11-15 |y BK |k CIC | ||
| 952 | |0 0 |1 0 |4 0 |6 693_100000000000000_ZAB_1991 |7 0 |8 A |9 233436 |a BIBING |b BIBING |d 2019-11-15 |i 4208730 |o 693.1 ZAB 1991 |p 4208730 |r 2025-01-20 |w 2019-11-15 |y BK |k CIC | ||